Polnisch-deutsche Duette

Titel: Polnisch-deutsche Duette / Patricia Krolik
Verfasser:
In: Convivium, (2014), Seite 253-258
alle Artikel anzeigen
Veröffentlicht: 2014
Format: Aufsatz
Sprache: Deutsch
Schlagworte:
Kein Bild verfügbar
X
alg: 37790949
001A    $04504:06-04-16 
001B    $01999:27-07-21 $t17:18:18.000 
001C    $04504:06-04-16 $t15:16:05.000 
001D    $04504:06-04-16 
001U    $0utf8 
001X    $00 
002@    $0Aou 
002C    $aText $btxt $2rdacontent 
002D    $aohne Hilfsmittel zu benutzen $bn $2rdamedia 
002E    $aBand $bnc $2rdacarrier 
003@    $0377909491 
007A    $0377909491 $aHEB 
010@    $ager 
010E    $erda 
011@    $a2014 
013D    $#Newspapers Sections, columns, etc. Reviews $#Book reviewing $#Journaux Cahiers, chroniques, etc. Comptes rendus $#Livres Recension $#Rezension $#Buchbesprechung $#Buchrezension $#Buchkritik $74049712-4 $8Rezension [Ts1] $9085138568 
021A    $aPolnisch-deutsche Duette $hPatricia Krolik 
028A    $BVerfasser $4aut $7 $8Krolik, Patricia [Tnu] $9377909483 
031A    $h253-258 $j2014 
039B    $aEnthalten in $8--Abvc--. Convivium. - Łódź : Verlag der Universität Lodz, 1994-. - ISSN 2196-8403 $x201400000000000747 $9048657417 
039T    $aRezension von $8--Aau--. Polnisch-deutsche Duette. - Dresden : Neisse -Verl., 2013. - 320 S.. - ISBN 978-3-86276-071-8 $9334519446 
045F    $a900.9438 $eDDC23BSB 
045F/01 $a900 
045F/03 $g438 
045T    $a7,20 $a7,20 
045T    $aAVL $qDE-30 $2FID 
045T    $aGER $qDE-30 $2FID 
045V    $819.10.08$jStoffe. Motive. Themen [Tkx] $9118846434 

lok: 37790949 62

exp: 37790949 62 1 #EPN
201B/01 $006-04-16 $t22:04:33.000 
203@/01 $0770881394 
208@/01 $a06-04-16 $be 
209A/01 $a/ $f000 $x00 
209B/01 $a2016 $x05 
247C/01 $8Frankfurt, Bibliographie der Deutschen Sprach- und Literaturwissenschaft $9113214561 
201U/01 $0utf8 

lok: 37790949 78

exp: 37790949 78 1 #EPN
201B/01 $027-06-17 $t15:35:49.000 
201C/01 $027-06-17 
201U/01 $0utf8 
203@/01 $01002505550 
208@/01 $a27-06-17 $be 
209A/01 $a/ $f000 $x00 
209A/01 $ab*p $x01 
220C/01 $aeja 
244Z/01 $#Generalgouvernement Polen $#Polska $#Rzeczpospolita Polska $#Polska Rzeczpospolita Ludowa $#Poland $#Pologne $#République Polonaise $#Generalne Gubernatorstwo w Polsce $#Polish People's Republic $#Polska Rzeczpospolita Polen $#PRL $#RP $#Polen Generalgouvernement $#Polska Generalgouvernement $#Besetzte Polnische Gebiete $#Besetztes Gebiet in Polen $#Okupowane Polskie Obszary $#Obszary Okupowane w Polsce $#Volksrepublik Polen $#Polska Rosyjska $#Republic Polen $#Respublika Pol'ša $#Pol'skaja Narodnaja Respublika $#République de Pologne $#Polen Links der Weichsel $#Polska po Lewej Stronie Wisły $#Lenkija $#Polija $#Gubernija Carstva Pol'skago $#Republik Polen $74046496-9 $8--Tg1--Polen $x01 $9085129801 
247C/01 $82080>Marburg/Lahn, Herder-Institut, Forschungsbibliothek, Bibliographieportal $9336309341
LEADER 00000caa a2200000 c 4500
001 377909491
003 DE-603
005 20210727171818.0
007 tu
008 160406s2014 xx |||| | u00||u|ger c
035 |a (DE-599)HEB377909491 
040 |a DE-603  |b ger  |c DE-603  |d DE-603  |e rda 
041 |a ger 
082 0 4 |8 1\u  |a 900.9438  |q DE-101  |2 23/BSB 
084 |a 7,20  |a 7,20  |2 ssgn 
084 |a AVL  |q DE-30  |2 fid 
084 |a GER  |q DE-30  |2 fid 
085 |8 1\u  |b 900 
085 |8 1\u  |z 2  |s 438 
100 1 |a Krolik, Patricia  |e Verfasser  |4 aut  |0 (DE-603)377909483 
245 0 0 |a Polnisch-deutsche Duette  |c Patricia Krolik 
264 0 |c 2014 
336 |a Text  |b txt  |2 rdacontent 
337 |a ohne Hilfsmittel zu benutzen  |b n  |2 rdamedia 
338 |a Band  |b nc  |2 rdacarrier 
655 7 |a Rezension  |2 gnd-content  |0 (DE-588)4049712-4  |0 (DE-603)085138568 
773 0 8 |i Enthalten in  |t Convivium  |d Łódź : Verlag der Universität Lodz, 1994-  |x 2196-8403  |g (2014), Seite 253-258  |w (DE-603)048657417  |w (DE-600)1221798-0 
787 0 8 |i Rezension von  |t Polnisch-deutsche Duette  |d Dresden : Neisse -Verl., 2013  |h 320 S., 155 mm x 220 mm  |z 9783862760718  |z 3862760715  |w (DE-603)334519446 
924 0 |9 603  |a (DE-603)770881394  |b DE-603  |c HES  |d d 
924 0 |9 2080  |a (DE-603)1002505550  |b DE-2080  |c HES  |d d  |g /